[Event "South America-ch U14 16th"]
[Site "Buenos Aires"]
[Date "2019.12.04"]
[Round "5.7"]
[White "Repetto, Pedro"]
[Black "Jaque Gutierrez, Matias"]
[Result "1/2-1/2"]
[WhiteElo "1656"]
[BlackElo "1880"]
[PlyCount "95"]
[EventDate "2019.12.01"]
[EventType "swiss"]
[EventRounds "9"]
[EventCountry "ARG"]
[SourceTitle "EXT 2024"]
[Source "ChessBase"]
[SourceDate "2023.10.10"]
[SourceVersion "1"]
[SourceVersionDate "2023.10.10"]
[SourceQuality "1"]

1. d4 Nf6 2. c4 c5 3. d5 e6 4. Nc3 exd5 5. cxd5 d6 6. e4 g6 7. h3 Bg7 8. Bd3 0-0 9. Nf3 b5 10. 0-0 a6 11. Bf4 Ne8 12. Re1 Nd7 13. e5 dxe5 14. Nxe5 Nxe5 15. Bxe5 Nd6 16. Bxg7 Kxg7 17. Ne4 Nxe4 18. Bxe4 Qd6 19. Qc2 Bb7 20. Rad1 Rfe8 21. Qc3+ Kg8 22. Bf3 Rxe1+ 23. Qxe1 c4 24. Qd2 a5 25. h4 h5 26. Qg5 Qd8 27. Qe5 b4 28. d6 Bxf3 29. gxf3 Ra7 30. Qd4 Rd7 31. Kg2 a4 32. a3 bxa3 33. bxa3 c3 34. Qxc3 Rxd6 35. Re1 Rd3 36. Qc5 Qf6 37. Re8+ Kh7 38. Re3 Rxe3 39. fxe3 Qxh4 40. e4 Qf6 41. Qc4 Qb2+ 42. Kg3 Qb3 43. Qc7 Qe6 44. Qa7 Qe5+ 45. f4 h4+ 46. Kg4 Qh5+ 47. Kh3 Qf3+ 48. Kxh4 1/2-1/2

[Event "ARG-chT"]
[Site "Villa Martelli"]
[Date "2018.08.25"]
[Round "8.3"]
[White "Repetto, Pedro"]
[Black "Borda Rodas, Anapaola S"]
[Result "0-1"]
[WhiteElo "1619"]
[BlackElo "1996"]
[PlyCount "138"]
[EventDate "2018.07.07"]
[EventType "team-swiss"]
[EventRounds "9"]
[EventCountry "ARG"]
[SourceTitle "CBM 187 Extra"]
[Source "ChessBase"]
[SourceDate "2018.11.04"]
[SourceVersion "1"]
[SourceVersionDate "2018.11.04"]
[SourceQuality "1"]
[WhiteTeam "Escuela Municipal Moreno"]
[BlackTeam "Mar del Plata"]
[WhiteTeamCountry "ARG"]
[BlackTeamCountry "ARG"]

1. d4 Nf6 2. c4 g6 3. Nf3 Bg7 4. g3 0-0 5. Bg2 d5 6. 0-0 dxc4 7. Ne5 c6 8. Nxc4 Nbd7 9. Nc3 Nb6 10. Ne5 Ng4 11. Bf4 Nxe5 12. Bxe5 Bxe5 13. dxe5 Qxd1 14. Rfxd1 Nc4 15. b3 Nxe5 16. Ne4 Rb8 17. Nc5 f5 18. f4 Nf7 19. Nd7 Bxd7 20. Rxd7 e5 21. e3 exf4 22. exf4 Rfd8 23. Rad1 Kf8 24. Rxd8+ Rxd8 25. Rxd8+ Nxd8 26. Bf1 b5 27. Kf2 Ke7 28. Kf3 Ne6 29. Bd3 Kd6 30. h3 Kd5 31. Ke3 a6 32. g4 Ng7 33. Be2 c5 34. Bf3+ Kd6 35. Bb7 a5 36. Bf3 Ne6 37. gxf5 gxf5 38. Be2 Nd4 39. Bf1 Kc6 40. Kd3 Kd5 41. Bg2+ Kd6 42. Bf1 Ne6 43. Ke3 Nc7 44. Bd3 Ke6 45. Kf3 Kf6 46. a3 Ne6 47. a4 bxa4 48. bxa4 Nd8 49. Ke3 Nf7 50. Bc4 Nd6 51. Bd5 Kg6 52. Bf3 Nc4+ 53. Ke2 Kf6 54. Bc6 Ke6 55. Kd3 Nb6 56. Ke3 Kd6 57. Bb5 Kd5 58. Bd3 Nc4+ 59. Ke2 Nd6 60. Ke3 c4 61. Bc2 Kc5 62. h4 h6 63. h5 Kd5 64. Bd1 Kc5 65. Bc2 c3 66. Kd3 Kb4 67. Kd4 Ne4 68. Ke5 Ng3 69. Kd4 Nxh5 0-1

[Event "ARG-chT"]
[Site "Villa Martelli"]
[Date "2018.08.11"]
[Round "6.3"]
[White "Ferrero, Luis"]
[Black "Repetto, Pedro"]
[Result "0-1"]
[WhiteElo "1877"]
[BlackElo "1619"]
[PlyCount "23"]
[EventDate "2018.07.07"]
[EventType "team-swiss"]
[EventRounds "9"]
[EventCountry "ARG"]
[SourceTitle "CBM 187 Extra"]
[Source "ChessBase"]
[SourceDate "2018.11.04"]
[SourceVersion "1"]
[SourceVersionDate "2018.11.04"]
[SourceQuality "1"]
[WhiteTeam "San Isidro"]
[BlackTeam "Escuela Municipal Moreno"]
[WhiteTeamCountry "ARG"]
[BlackTeamCountry "ARG"]

1. d4 Nf6 2. Bf4 g6 3. e3 Bg7 4. h3 0-0 5. Nf3 d5 6. Be2 c5 7. c3 Qb6 8. Qb3 Qxb3 9. axb3 cxd4 10. exd4 Bf5 11. b4 Nbd7 12. Nbd2 0-1

[Event "ARG-chT"]
[Site "Villa Martelli"]
[Date "2018.07.21"]
[Round "3.3"]
[White "Geslin, Ezequiel"]
[Black "Repetto, Pedro"]
[Result "1-0"]
[WhiteElo "1913"]
[BlackElo "1619"]
[PlyCount "68"]
[EventDate "2018.07.07"]
[EventType "team-swiss"]
[EventRounds "9"]
[EventCountry "ARG"]
[SourceTitle "CBM 187 Extra"]
[Source "ChessBase"]
[SourceDate "2018.11.04"]
[SourceVersion "1"]
[SourceVersionDate "2018.11.04"]
[SourceQuality "1"]
[WhiteTeam "Ventajedrez Plastigal"]
[BlackTeam "Escuela Municipal Moreno"]
[WhiteTeamCountry "ARG"]
[BlackTeamCountry "ARG"]

1. d4 Nf6 2. c4 g6 3. Nc3 d5 4. cxd5 Nxd5 5. e4 Nxc3 6. bxc3 c5 7. Bc4 Bg7 8. Ne2 Nc6 9. Be3 0-0 10. 0-0 b6 11. Rc1 Bb7 12. f3 Na5 13. Bd3 Rc8 14. Qd2 e6 15. Rfd1 Qe7 16. Bh6 Rfd8 17. Bxg7 Kxg7 18. Qf4 Nc6 19. e5 cxd4 20. cxd4 Nb4 21. Qd2 Rxc1 22. Rxc1 Bd5 23. Bc4 Bxc4 24. Rxc4 Nd5 25. Ng3 Qa3 26. Ne4 Qe3+ 27. Qxe3 Nxe3 28. Rc7 Nf5 29. Ng5 Kg8 30. Nxf7 Rxd4 31. g4 Nh4 32. Ng5 Rd2 33. Rc8+ Kg7 34. Nxe6+ Kf7 1-0

[Event "ARG-chT ART Semillero U21"]
[Site "Villa Martelli"]
[Date "2018.06.30"]
[Round "6.2"]
[White "Repetto, Pedro"]
[Black "Fuentes, Agustin"]
[Result "1-0"]
[WhiteElo "1619"]
[BlackElo "1488"]
[PlyCount "45"]
[EventDate "2018.06.02"]
[EventType "team-swiss"]
[EventRounds "6"]
[EventCountry "ARG"]
[SourceTitle "EXT 2019"]
[Source "ChessBase"]
[SourceDate "2018.10.10"]
[SourceVersion "1"]
[SourceVersionDate "2018.10.10"]
[SourceQuality "1"]
[WhiteTeam "Escuela Municipal Moreno U21"]
[BlackTeam "San Isidro U21"]
[WhiteTeamCountry "ARG"]
[BlackTeamCountry "ARG"]

1. d4 Nf6 2. c4 g6 3. Nf3 Bg7 4. g3 d6 5. Bg2 0-0 6. 0-0 Nbd7 7. Nc3 e5 8. dxe5 Nxe5 9. Nxe5 dxe5 10. Qxd8 Rxd8 11. Bg5 h6 12. Bxf6 Bxf6 13. Nd5 Bg7 14. Nxc7 Rb8 15. Rad1 Rxd1 16. Rxd1 Bf5 17. e4 Rc8 18. Nd5 Bg4 19. f3 Bxf3 20. Bxf3 Rxc4 21. Nc3 f5 22. exf5 gxf5 23. Bd5+ 1-0

[Event "ARG-chT ART Semillero U21"]
[Site "Villa Martelli"]
[Date "2018.06.24"]
[Round "5.2"]
[White "Moldovan, Adrian"]
[Black "Repetto, Pedro"]
[Result "1/2-1/2"]
[WhiteElo "1685"]
[BlackElo "1619"]
[PlyCount "115"]
[EventDate "2018.06.02"]
[EventType "team-swiss"]
[EventRounds "6"]
[EventCountry "ARG"]
[SourceTitle "EXT 2019"]
[Source "ChessBase"]
[SourceDate "2018.10.10"]
[SourceVersion "1"]
[SourceVersionDate "2018.10.10"]
[SourceQuality "1"]
[WhiteTeam "Centro Univ CUV U21"]
[BlackTeam "Escuela Municipal Moreno U21"]
[WhiteTeamCountry "ARG"]
[BlackTeamCountry "ARG"]

1. d4 Nf6 2. c4 g6 3. Nc3 d5 4. g3 c6 5. Bg2 Bg7 6. Nf3 0-0 7. 0-0 Nbd7 8. cxd5 cxd5 9. Ne5 e6 10. e3 Nxe5 11. dxe5 Nd7 12. f4 b6 13. e4 dxe4 14. Nxe4 Ba6 15. Re1 f6 16. exf6 Nxf6 17. Qb3 Nd5 18. Ng5 Nc7 19. Nxe6 Nxe6 20. Qxe6+ Kh8 21. Bxa8 Qxa8 22. Qb3 Qc6 23. Be3 Bb7 24. Re2 Qh1+ 25. Kf2 Qxh2+ 26. Ke1 Qh1+ 27. Kf2 Qg2+ 28. Ke1 Qxg3+ 29. Bf2 Qxf4 30. Qd3 Bf3 31. Rd2 Re8+ 32. Kf1 Qg4 33. Be3 Qh3+ 34. Ke1 Qg3+ 35. Kf1 Bg4 36. Rf2 Qh3+ 37. Kg1 Bf3 38. Rxf3 Qxf3 39. Re1 Qg3+ 40. Kf1 Rf8+ 41. Ke2 Qg2+ 42. Kd1 Qxb2 43. Bd2 Qa1+ 44. Ke2 Qd4 45. Qxd4 Bxd4 46. Kd3 Rd8 47. Kc4 Rd7 48. Bh6 Rd8 49. Bg5 Bf2 50. Rf1 Rc8+ 51. Kd3 Bc5 52. Rf7 Kg8 53. Rxa7 Bf8 54. Rb7 Ra8 55. Rxb6 Rxa2 56. Rb8 Rf2 57. Bh6 g5 58. Bxg5 1/2-1/2

[Event "Wch U12"]
[Site "Pocos de Caldas"]
[Date "2017.08.23"]
[Round "3"]
[White "Nunez, Pablo"]
[Black "Repetto, Pedro"]
[Result "0-1"]
[WhiteElo "1159"]
[BlackElo "1420"]
[PlyCount "46"]
[EventDate "2017.08.22"]
[EventType "swiss"]
[EventRounds "11"]
[EventCountry "BRA"]
[SourceTitle "CBM 180 Extra"]
[Source "ChessBase"]
[SourceDate "2017.10.06"]
[SourceVersion "1"]
[SourceVersionDate "2017.10.06"]
[SourceQuality "1"]

1. e4 Nf6 2. Nc3 d5 3. exd5 Nxd5 4. Nxd5 Qxd5 5. Nf3 Bg4 6. Be2 Nc6 7. h3 Bh5 8. c3 0-0-0 9. d4 f6 10. b4 e5 11. Be3 e4 12. Nd2 Bxe2 13. Qxe2 Bd6 14. c4 Qf7 15. a3 f5 16. d5 Ne5 17. 0-0 f4 18. Bxa7 f3 19. gxf3 exf3 20. Qe4 Qh5 21. c5 Qxh3 22. Nxf3 Nxf3+ 23. Qxf3 Qh2# 0-1